000 00697nam a2200205 i 4500
001 91451
003 ES-MaACL
005 20230906180726.0
007 t|
008 050131s1932 fr ||||1| fre d
100 1 _aLévy, Arthur.
_971994
245 1 0 _aNapoleon intime d'apres des documents nouveaux
_b: les dissentiments de la famille imperiale /
_cArthur Lévy.
260 _aParís :
_bCalmann-Lévy,
_c1932 (
_fBrodard et Taupin)
300 _a216 p. :
_bil. ;
_c19 cm.
490 1 _aNouvelle collection historique
600 0 4 _aNapoleón
_bI
_c, Emperador de Francia.
_984910
830 0 _aNouvelle collection historique
_9231983
852 _aES-MaACL
_jA-659
999 _c91451
_d91451